Śnieżka : wyspa Arktyki w centrum Europy /

Hlavní autor: Štursa, Jan, 1943-
Další autoři: Flousek, Jiří, 1957-2022, Vaněk, Jan, 1947-, Potocki, Jacek, 1969-
Jazyk: Polština
Vydáno: [Vrchlabí] : Dyrekcja Karkonoskiego Parku Narodowego ;Ministerstwo Ochrony Środowiska, [2007]
Témata:
Fyzický popis: 11 stran : barevné ilustrace ; 21 x 10 cm
Knihy
Uloženo v:
LEADER 01826nam a2200481 i 4500
001 001572211
003 CZ BrMZK
005 20170517120000.0
007 ta
008 170419t20072007xr a e 000 0 pol
020 |q (Brožováno) 
040 |a BOA001  |b cze  |e rda 
041 1 |a pol  |h cze 
043 |a e-pl---  |a e-xr---  |b e-xr-cc  |2 czenas 
072 7 |a 574  |x Obecná ekologie  |2 Konspekt  |9 2 
080 |a 911.2(23.0)  |2 MRF 
080 |a 574.4(23.0)  |2 MRF 
080 |a 582:574.2  |2 MRF 
080 |a 502.2  |2 MRF 
080 |a (437.31-17)  |2 MRF 
080 |a (041)  |2 MRF 
100 1 |a Štursa, Jan,  |d 1943-  |7 jn20000402900  |4 aut 
245 1 0 |a Śnieżka :  |b wyspa Arktyki w centrum Europy /  |c tekst: Jan Štursa, Jiří Flousek, Jan Vaněk ; tłumaczenie: Jacek Potocki 
264 1 |a [Vrchlabí] :  |b Dyrekcja Karkonoskiego Parku Narodowego ;  |a [Praha] :  |b Ministerstwo Ochrony Środowiska,  |c [2007] 
264 4 |c ©2007 
300 |a 11 stran :  |b barevné ilustrace ;  |c 21 x 10 cm 
336 |a text  |b txt  |2 rdacontent 
337 |a bez média  |b n  |2 rdamedia 
338 |a svazek  |b nc  |2 rdacarrier 
500 |a Název z obálky 
500 |a Přeloženo z češtiny? 
650 0 7 |a hory  |7 ph120812  |z Česko  |2 czenas 
650 0 7 |a horské ekosystémy  |7 ph120808  |z Česko  |2 czenas 
650 0 7 |a rostlinné endemity  |7 ph849532  |z Česko  |2 czenas 
651 7 |a Sněžka (Krkonoše, Česko a Polsko : hora)  |7 ge130872  |x přírodní poměry  |2 czenas 
655 7 |a brožury  |7 fd131925  |2 czenas 
700 1 |a Flousek, Jiří,  |d 1957-2022  |7 jx20051201018  |4 aut 
700 1 |a Vaněk, Jan,  |d 1947-  |7 jo2012682565  |4 aut 
700 1 |a Potocki, Jacek,  |d 1969-  |7 mzk2007386067  |4 trl 
910 |a BOA001  |b 2-1388.304 
990 |a BK 
991 |b 201705  |c NOV 
996 6 |b 2610706569  |c 2-1388.304  |l MZK  |r Sklad / do 1 hodiny  |n 0  |p p.v.  |w 001611031  |u 000010  |a 1  |e BOA001  |j MZK50  |s P